00498nam a22001217a 4500008004100000040005500041080002100096245015200117260006100269300001300330650001200343700002100355230607b |||||||| |||| 00| 0 eng d aNational Science LibrarycNational Science Library a620.1(082.2)bP5 aRole of NDE in modern maintenance managementc/ National seminar (NDE-2005) on role of............................................12-13 March, 2005 aOrissa: bIndian Society for Technical Education, c2005 ax, 181p. aSeminar aPanda, B N (Ed.)